Análisis del Discurso

Saved in:
Bibliographic Details
Main Author: Alonso López
Format: Unknown
Language:English
Published: Editorial Síntesis 2014
Tags: Add Tag
No Tags, Be the first to tag this record!

MARC

LEADER 00000 a2200000 4500
003 CL-VaPUC
005 20230926141036.0
008 220223b ||||| |||| 00| 0 eng d
999 |c 167714  |d 167712 
020 |a ISBN: 9788499588179 
040 |c Pontificia Universidad Católica de Valparaíso 
100 |a Alonso López  |9 222301 
245 |a Análisis del Discurso 
260 |b Editorial Síntesis  |c 2014 
583 |k Sandra Vasquez  |c 20220223 
942 |2 ddc  |c BK  |n 0 
952 |0 0  |1 0  |2 ddc  |4 0  |7 0  |9 495266  |a BIBEDU  |b BIBEDU  |d 2020-01-02  |e 36  |g 34655.00  |i 5572762  |p 5572762  |r 2020-01-02  |v 34655.00  |w 2020-01-02  |y BK